<?xml version="1.0" encoding="UTF-8"?>
<collection xmlns="http://www.loc.gov/MARC21/slim">
  <record>
    <leader>00000nam  2200000   4500</leader>
    <controlfield tag="001">INLIS000000000017243</controlfield>
    <controlfield tag="005">20240830112626</controlfield>
    <datafield tag="035" ind1="#" ind2="#">
      <subfield code="a">0010-0624000146</subfield>
    </datafield>
    <controlfield tag="007">ta</controlfield>
    <controlfield tag="008">240830################|##########|#|##</controlfield>
    <datafield tag="084" ind1="#" ind2="#">
      <subfield code="a">R 017 PKA 2023</subfield>
    </datafield>
    <datafield tag="100" ind1=" " ind2="#">
      <subfield code="a">Tono Sumarsono</subfield>
    </datafield>
    <datafield tag="245" ind1="1" ind2="#">
      <subfield code="a">Peningkatan Efektifitas Dukungan Operasi Udara Penanganan Bencana Kebakaran Hutan dan Lahan Melalui Penyusunan Petunjuk Pelaksanaan Operasi Udara Penanganan Darurat Bencana Kebakaran Hutan dan Lahan /</subfield>
      <subfield code="c">Tono Sumarsono</subfield>
    </datafield>
    <datafield tag="260" ind1="#" ind2="#">
      <subfield code="a">Jakarta :</subfield>
      <subfield code="b">Pusbangkom Pimnas dan Manajerial ASN,</subfield>
      <subfield code="c">2023</subfield>
    </datafield>
    <datafield tag="300" ind1="#" ind2="#">
      <subfield code="a">46 halaman ;</subfield>
      <subfield code="c">30 cm</subfield>
    </datafield>
    <datafield tag="650" ind1="#" ind2="4">
      <subfield code="a">Darurat Bencana</subfield>
    </datafield>
    <datafield tag="650" ind1="#" ind2="4">
      <subfield code="a">Kebakaran</subfield>
    </datafield>
    <datafield tag="520" ind1="#" ind2="#">
      <subfield code="a">Berdasarkan Laporan Hasil Pemeriksaan atas Sistem Pengendalian Intern dan Kepatuhan terhadap Ketentuan Peraturan Perundang-Undangan BNPB Tahun 2022 oleh Badan Pemeriksa Keuangan (BPK) Nomor 101.b/LHP/XVI/05/2023 tanggal 24 Mei 2023, pada kegiatan operasi udara untuk kebakaran hutan dan lahan ditemukan masih adanya kegiatan operasi yang cenderung kurang efektif. Hal ini disebabkan oleh belum dibuatnya petunjuk pelaksanaan yang lebih rinci. Apabila hal tersebut tidak diselesaikan maka cenderung operasi udara masih akan belum efektif sehingga perlu intervensi penyelesainnya melalui petunjuk pelaksanaan.</subfield>
    </datafield>
    <datafield tag="856" ind1="#" ind2="#">
      <subfield code="a">Perpustakaan LAN Pusat</subfield>
    </datafield>
    <datafield tag="990" ind1="#" ind2="#">
      <subfield code="a">24.06.017</subfield>
    </datafield>
  </record>
</collection>
